000 02025cam a22004814i 4500
003 PE-LiUPU
005 20250731173306.0
008 150625s2003 sp rb 000 0 spa d
020 _a8481693995
035 _a(Sirsi) i9788481693997
040 _aPE-LiUPU
_bspa
_cPE-LiUPU
_erda
049 _aPRUA
082 0 4 _a222.1207
_bCH53
_221
100 1 _aChilds, Brevard S.,
_eautor.
245 1 3 _aEl libro del Éxodo :
_bcomentario crítico y teológico /
_cBrevard S. Childs.
264 1 _aNavarra :
_bVerbo Divino,
_c2003.
300 _a626 páginas ;
_c25 centímetros.
336 _atext
_2rdacontent
337 _aunmediated
_2rdamedia
338 _avolume
_2rdacarrier
490 0 _aNueva biblia Española. Comentario teológico y literario
504 _aIncluye referencias bibliográficas.
505 0 _aLa persecución de Moisés -- Moisés asesina a un egipcio y huye a Madián -- La vocación de Moisés -- El regreso a Egipto -- La nueva llamada a Moisés -- Las plagas de Egipto -- Pascua y Exodo -- La liberación en el Mar -- El canto del Mar -- Las aguas de Mará -- Maná y los codornices -- Agua en Masá y Meribá -- Guerra con los amalecitas -- La visita de Jetró.
526 _aSEG42
526 _aSEG41
526 _aSEG40
526 _aSEG39
526 _aP94
526 _aP87
526 _aP86
526 _aP85
526 _aP77
526 _aP76
526 _aP35
541 _g007-0017629;
630 _aBiblia.
_pA.T.
_pExodo
_xComentarios.
700 1 _aSanz Giménez-Rico. tr.
942 _2ddc
_cBOOK
949 _a222.1207 CH53
_wDEWEY
_c1
_i55919
_d2015-11-3
_e2015-11-2
_lCCODEBUL1
_mBUL
_n1
_p52.00
_r0
_sY
_tBOOK
_u2015-6-25
_xTEOLOGIA
_zUNKNOWN
_0COMPRA
_o.STAFF. Colección General
994 _aC0
_bPEPRU
596 _a1
999 _a222.1207 CH53
_wDEWEY
_c44758
_i55919
_d44758
_e2019-5-21
_f2021-11-9
_g5
_lCCODEBUL1
_mBUL
_n7
_p52.00
_q20
_r0
_sY
_tBOOK
_u2015-6-25
_xTEOLOGIA
_PP35
_0COMPRA
_o.STAFF. Colección Teología
980 _81
_gALBERTO SANCHEZ Responsable de Automatización